The Office (US) Trivia - Statistics

General Stats
  • This quiz has been taken 15 times
    8 since last reset
  • The average score is 6 of 10
Answer Stats
Hint Answer % Correct
Micheal left during season 7
100%
Pam's Maiden name is Beesly
86%
Micheal moved to this city in Colorado with Holly Boulder
86%
Who claims to have Iron Lung disease that they got as a child Creed
86%
Stanley couldn't tell the difference between coffee and Orange Juice
71%
Athlead assigned Darryl to this city Austin
57%
Phyllis' Maiden name is Lapin
57%
Deangelo fantasizes over this arid region of the United States SouthWest
57%
According to Micheal "_________ Is the new golf course" Applebees
14%
What is the Name of Micheal's Movie Company Great Scott
14%
No matching quizzes found
Score Distribution
Percent of People with Each Score
Percentile by Number Answered
Your Score History
You have not taken this quiz since the last reset